[Event "Katy Rybackie op"]
[Site "Katy Rybackie"]
[Date "2009.06.16"]
[Round "4"]
[White "Szydlowski, Wiktor"]
[Black "Trusewicz, Janusz"]
[Result "1/2-1/2"]
[WhiteElo "1874"]
[BlackElo "2115"]
[PlyCount "133"]
[EventDate "2009.06.14"]
[EventType "swiss"]
[EventRounds "9"]
[EventCountry "POL"]
[SourceTitle "CBM 131 Extra"]
[Source "ChessBase"]
[SourceDate "2009.09.03"]
[SourceVersion "2"]
[SourceVersionDate "2009.09.16"]
[SourceQuality "1"]

1. e4 c5 2. Nf3 g6 3. g3 Bg7 4. Bg2 Nc6 5. 0-0 Nf6 6. Nc3 d6 7. d3 Bg4 8. h3 Bxf3 9. Bxf3 0-0 10. Kh2 Rb8 11. Bg2 b5 12. f4 Nd4 13. Ne2 b4 14. Be3 Nd7 15. Bxd4 cxd4 16. Nc1 a5 17. Nb3 Qb6 18. Nd2 Qc5 19. Nb3 Qc7 20. Rf2 Rfc8 21. Rc1 Nc5 22. Qf3 Rf8 23. Qe2 Na4 24. Rb1 Rbc8 25. Bf3 Qb6 26. Qe1 Rc7 27. Bd1 Qb5 28. Qf1 Nb6 29. Nd2 Nd7 30. Nc4 Nc5 31. b3 Ra7 32. Bf3 Nd7 33. a4 bxa3 34. Nxa3 Qb4 35. Nc4 Rb8 36. Ra1 Nc5 37. Qe1 Qxe1 38. Rxe1 a4 39. Ra1 Ra6 40. bxa4 Nxa4 41. Ra2 Rb1 42. Nd2 Rbb6 43. Nc4 Nc3 44. Nxb6 Rxa2 45. Nd5 e6 46. Nxc3 dxc3 47. Kg2 Bd4 48. Re2 Ra1 49. e5 d5 50. g4 Kg7 51. f5 gxf5 52. gxf5 Rd1 53. fxe6 fxe6 54. Bg4 Rd2 55. Kf3 Rxe2 56. Kxe2 Kf7 57. Bh5+ Ke7 58. Kf3 Bxe5 59. Ke3 d4+ 60. Ke4 Kd6 61. Bf7 Bf6 62. Bg8 h6 63. Bf7 Bg7 64. Be8 Ke7 65. Bh5 Kf6 66. Bg4 Ke7 67. Bh5 1/2-1/2

[Event "Wisla op"]
[Site "Wisla"]
[Date "2009.05.04"]
[Round "1"]
[White "Trusewicz, Janusz"]
[Black "Zaboklicki, Zbigniew"]
[Result "1-0"]
[WhiteElo "2138"]
[BlackElo "1891"]
[PlyCount "83"]
[EventDate "2009.05.04"]
[EventType "swiss"]
[EventRounds "11"]
[EventCountry "POL"]
[SourceTitle "EXT 2012"]
[Source "ChessBase"]
[SourceDate "2011.11.24"]
[SourceVersion "1"]
[SourceVersionDate "2011.11.24"]
[SourceQuality "1"]

1. e4 c5 2. Nf3 Nc6 3. Bb5 g6 4. 0-0 Bg7 5. c3 a6 6. Ba4 b5 7. Bc2 Bb7 8. d3 Nf6 9. Re1 0-0 10. h3 d6 11. Nbd2 e5 12. Nf1 h6 13. Be3 Qe7 14. Ng3 Rfd8 15. Qe2 Qf8 16. Rad1 d5 17. Bc1 d4 18. Nh2 Rac8 19. f4 Re8 20. fxe5 Nxe5 21. cxd4 cxd4 22. Rf1 Qd6 23. Bf4 Qb6 24. Bb3 Re7 25. Rf2 a5 26. a3 a4 27. Ba2 Nfd7 28. Rdf1 Rf8 29. Bd2 Nc5 30. Bb4 Nexd3 31. Bxc5 Nxc5 32. Ng4 Ne6 33. Nf6+ Bxf6 34. Rxf6 d3+ 35. Qf2 Qxf2+ 36. R1xf2 Kg7 37. Bxe6 Rxe6 38. Rxe6 fxe6 39. Rxf8 Kxf8 40. Kf2 Ke7 41. Ke3 Kd6 42. Nf1 1-0

[Event "Rowy op-A 17th"]
[Site "Rowy"]
[Date "2008.06.17"]
[Round "4.7"]
[White "Mokwa, Marek"]
[Black "Trusewicz, Janusz"]
[Result "1/2-1/2"]
[WhiteElo "1914"]
[BlackElo "2142"]
[PlyCount "71"]
[EventDate "2008.06.14"]
[EventType "swiss"]
[EventRounds "9"]
[EventCountry "POL"]
[SourceTitle "EXT 2023"]
[Source "ChessBase"]
[SourceDate "2022.10.05"]
[SourceVersion "1"]
[SourceVersionDate "2022.10.05"]
[SourceQuality "1"]

1. e4 e6 2. d4 d5 3. Nc3 Nf6 4. Bg5 Bb4 5. e5 h6 6. Bd2 Bxc3 7. bxc3 Ne4 8. Bd3 Nxd2 9. Qxd2 c5 10. dxc5 Qa5 11. Nf3 Qxc5 12. 0-0 Nc6 13. Rfe1 Bd7 14. Rab1 b6 15. Ba6 Na5 16. Qd4 Qxd4 17. cxd4 Ke7 18. Kf1 Rab8 19. Bd3 Rhc8 20. Rb2 Nc4 21. Bxc4 Rxc4 22. Rc1 Rbc8 23. Ke1 f6 24. Kd2 fxe5 25. dxe5 Rg4 26. Ne1 Be8 27. c3 Bg6 28. Rb4 Rgc4 29. Nf3 R8c5 30. Nd4 Be8 31. Rxc4 Rxc4 32. Rb1 Bd7 33. Rb4 Rc8 34. Rb3 Rc4 35. Ra3 Rc7 36. Kd3 1/2-1/2

[Event "POL-chT 2nd League"]
[Site "Wysowa"]
[Date "2003.09.14"]
[Round "11"]
[White "Plicner, Adam"]
[Black "Trusewicz, Janusz"]
[Result "1/2-1/2"]
[WhiteElo "1957"]
[BlackElo "2052"]
[PlyCount "23"]
[EventDate "2003.09.06"]
[EventType "team-swiss"]
[EventRounds "11"]
[EventCountry "POL"]
[SourceTitle "CBM 096 Extra"]
[Source "ChessBase"]
[SourceDate "2003.10.22"]
[SourceVersion "2"]
[SourceVersionDate "2003.10.20"]
[SourceQuality "1"]
[WhiteTeam "Kielce Fart"]
[BlackTeam "Wschowa Hetman"]
[WhiteTeamCountry "POL"]
[BlackTeamCountry "POL"]

1. d4 Nf6 2. Nf3 g6 3. g3 Bg7 4. Bg2 d5 5. 0-0 0-0 6. Re1 c6 7. Nbd2 Qb6 8. c3 Nbd7 9. Qb3 Re8 10. Qxb6 axb6 11. Nb3 Ne4 12. Nfd2 1/2-1/2

[Event "POL-chT 2nd League"]
[Site "Wysowa"]
[Date "2003.09.06"]
[Round "1"]
[White "Trusewicz, Janusz"]
[Black "Dera, Andrzej"]
[Result "1/2-1/2"]
[WhiteElo "2052"]
[BlackElo "2115"]
[PlyCount "46"]
[EventDate "2003.09.06"]
[EventType "team-swiss"]
[EventRounds "11"]
[EventCountry "POL"]
[SourceTitle "CBM 096 Extra"]
[Source "ChessBase"]
[SourceDate "2003.10.22"]
[SourceVersion "2"]
[SourceVersionDate "2003.10.20"]
[SourceQuality "1"]
[WhiteTeam "Wschowa Hetman"]
[BlackTeam "Ostrow Wielkopolski"]
[WhiteTeamCountry "POL"]
[BlackTeamCountry "POL"]

1. e4 c5 2. Nf3 d6 3. Bb5+ Nd7 4. c3 a6 5. Ba4 b5 6. Bc2 Bb7 7. 0-0 Ngf6 8. Qe2 e6 9. h3 Be7 10. d3 0-0 11. Rd1 Rc8 12. Nbd2 Qb6 13. Nf1 Bc6 14. Ng3 Qb7 15. Bf4 Rfd8 16. d4 Nf8 17. Re1 Ng6 18. Bg5 Re8 19. Rad1 Rcd8 20. Bc1 Bf8 21. Bg5 Be7 22. Bc1 Bf8 23. Bg5 Be7 1/2-1/2

[Event "POL-chT 2nd div South"]
[Site "Polanica Zdroj"]
[Date "1999.??.??"]
[Round "2"]
[White "Trusewicz, Janusz"]
[Black "Mikrut, Dariusz"]
[Result "1/2-1/2"]
[WhiteElo "2035"]
[BlackElo "2269"]
[PlyCount "63"]
[EventDate "1999.09.17"]
[EventType "team-swiss"]
[EventRounds "10"]
[EventCountry "POL"]
[SourceTitle "EXT 2001"]
[Source "ChessBase"]
[SourceDate "2000.11.22"]
[SourceVersion "1"]
[SourceVersionDate "2000.11.22"]
[SourceQuality "1"]
[WhiteTeam "POL-chT 2nd div South 09"]
[BlackTeam "POL-chT 2nd div South 24"]
[WhiteTeamCountry "POL"]
[BlackTeamCountry "POL"]

1. e4 c5 2. Nf3 d6 3. d4 cxd4 4. Qxd4 a6 5. c4 Nc6 6. Qd1 g6 7. Nc3 Bg7 8. Be2 Nf6 9. 0-0 0-0 10. h3 Bd7 11. Be3 Rc8 12. Rc1 Qa5 13. a3 b5 14. cxb5 axb5 15. Nxb5 Nxe4 16. Nbd4 Nxd4 17. Nxd4 e5 18. Rxc8 Rxc8 19. Nf3 d5 20. Bc1 Ba4 21. Qe1 Qb6 22. Nd2 Bh6 23. Nc4 dxc4 24. Bxh6 Qxb2 25. Bg4 f5 26. Bf3 Nf6 27. Qa5 Qb5 28. Qc3 Kf7 29. Re1 e4 30. Be2 Qc6 31. f3 Qc5+ 32. Kh1 1/2-1/2